000 00453nam a2200181Ia 4500
001 8372
005 20260306160604.0
008 260306t2007||||xx |||||||||||||| ||spa||
041 _aESP
082 _a370.7
_bM12I
100 _aMcMillan, James H.
_eAUT
245 0 _aInvestigación educativa :
_buna introducción conceptual
260 _c2007
300 _avi 688 páginas :
_c24 cm.
650 _aGEN
654 _aCED
942 _cLIB
_dJUS
_fJUS
_2ddc
_n
999 _c8372
_d8372